000
00201 a2200109 4500
020
_a
9788498253320
041
_a
spa
100
_a
Roberto Alioga
245
_a
El Cangrejo
942
_c
BK
952
_7
4
999
_c
20624
_d
20624